000 00588nam a2200193 a 4500
001 000035002
005 20250526115843.0
008 111024s1968 ag 000 0 spa d
040 _aDO-SdBNP
_bspa
_cBNPHU
082 _axxxx
_bxxxx
100 1 _aMarcuse, Herbert,
_d1898-1979
_95128
245 1 0 _aCultura y sociedad /
_cHerbert Marcuse.
250 _a3a ed.
260 _aBuenos Aires, :
_bSur,
_c1968.
300 _a126 p. :
_b20 cm.
490 1 _aEstudios alemanes
504 _aIncluye referencias bibliográficas y notas al pie de las páginas
830 0 _aEstudios alemanes
_948254
999 _c34493
_d34493